Регионална библиотека "Любен Каравелов" - Русе

Моментални портрети (Запис номер 127770)

MARC детайли
000 -Лидер
Контролно поле с фиксирана дължина 01984nam a2200397 c 4500
003 - Код на организацията, давaща контролен номер
Контролно поле BLK
005 - Дата и час на последна редакция
Контролно поле 20180422111306.0
008 - Елементи от данни с фиксирана дължина
fixed length control field 180409b bul|||||r ||||||| ||bul||
010 ## - Наследен системен номер
LC control number KNG00133475000
040 ## - Източник на каталожния запис
Идентификатор на билиотеката - собственик на записа BLK
041 ## - Код за език
Код за езика на текст/звукозапис или на отделно заглавие Български
Код за езика КДБФ Български
080 ## - УДК
Текстов определител УДК Българска литература
УДК код - определител по УДК 821.163.2
УДК определител -7
УДК - код + определител 821.163.2-7
080 ## - УДК
Текстов определител УДК Българска литература
УДК код - определител по УДК 821.163.2
УДК определител -17
УДК - код + определител 821.163.2-17
100 1# - Редна дума - Автор
Автор Бицин, Георги Йорданов
Авторска отговорност първи автор
R(LIN) 39286
139 ## - Редно поле
Редна дума Бицин, Георги Йорданов
Авторски знак Бит - Б 46
245 10 - Сведения за заглавието
Заглавие Моментални портрети
Подзаглавни данни Сб. сатир. стихотворения
Редно поле (дума) Георги Йорданов Бицин; състав. Христо Пелитев; ил. Георги Анастасов; * Велин Андреев; * Асен Грозев; * Борис Димовски; * Карандаш; * Радослав Маринов; * Теню Пиндарев.
257 ## - Страна на издаване
Страна на създаване/издаване България
260 ## - Област на издателските данни
-- София
Име на издателя, разпространителя и проч. в. Стършел
Година на издаване 1966
300 ## - Физическа характеристика
Страници 64 с.
Илюстрации и др. с ил.
Размери/Мащаб 18 см
380 ## - Жанр
Жанр Худож. лит.
490 1# - СЕРИИ (Колекции)
Име на серия Библиотека Стършел
№: серия № 114
500 ## - Общи забележки
Забележка Други ил.: В. Андреев, А. Грозев, Б. Димовски, Карандаш, Р. Маринов, Т. Пиндарев. - 25 100 тир.
700 1# - Други автори (авторска отговорност)
Лично име Пелитев, Христо
Автороска отговорност (Описва отношението между автора и произведението) състав.
9 (RLIN) 377813
700 1# - Други автори (авторска отговорност)
Лично име Анастасов, Георги
Автороска отговорност (Описва отношението между автора и произведението) ил.
9 (RLIN) 364356
700 1# - Други автори (авторска отговорност)
Лично име Андреев, Велин
Автороска отговорност (Описва отношението между автора и произведението) *
9 (RLIN) 376864
700 1# - Други автори (авторска отговорност)
Лично име Грозев, Асен
Автороска отговорност (Описва отношението между автора и произведението) *
9 (RLIN) 377139
700 1# - Други автори (авторска отговорност)
Лично име Димовски, Борис
Автороска отговорност (Описва отношението между автора и произведението) *
9 (RLIN) 367798
700 1# - Други автори (авторска отговорност)
Лично име Карандаш
Автороска отговорност (Описва отношението между автора и произведението) *
Друга информация Цеков, Цветан Иванов
9 (RLIN) 76792
700 1# - Други автори (авторска отговорност)
Лично име Маринов, Радослав
Автороска отговорност (Описва отношението между автора и произведението) *
9 (RLIN) 368258
700 1# - Други автори (авторска отговорност)
Лично име Пиндарев, Теню
Автороска отговорност (Описва отношението между автора и произведението) *
9 (RLIN) 373142
852 ## - Местоположение
Форматна сигнатура Цб І 8463
856 4# - Електронен адрес и достъп
Електронен формат pdf - файл
Път до файла /url/
856 4# - Електронен адрес и достъп
Електронен формат pdf - файл
Път до файла /url/
942 ## - АРТИКУЛИ
Вид на библиотечния материал Книги
Скрит в OPAC Не
944 ## - СЪЗДАВАНЕ И РЕДАКЦИЯ на ЗАПИСА
Създаване/Редакция Създаване
Дата на регистрацията/редакция 31.08.2012
Статус, дата на статуса 31.08.2012 - от С1,Р / 31.08.2012
Служител, извършил регистрацията/редакцията Наталия_Медовщикова
944 ## - СЪЗДАВАНЕ И РЕДАКЦИЯ на ЗАПИСА
Създаване/Редакция Редакция
Дата на регистрацията/редакция 31.08.2012
Статус, дата на статуса 31.08.2012 - от С1,Р / 31.08.2012
Служител, извършил регистрацията/редакцията
999 ## - СИСТЕМНИ КОНТРОЛНИ НОМЕРА
Koha biblionumber 127770
Koha biblioitemnumber 127770
Наличности
Код за отписване Код за изгубен артикул Източник на класификационната схема Код за повреда Коз за рестрикции Код за отдаване Артикулен № Име на библиотеката - собственик Име на библиотеката, в която се намира в момента Статус (Текущо местоположение) Дата на вписване в системата Местоположение - отдел Цена в лева Инвентарен номер Систематично азбучна сигнатура Баркод Номер на екземпляра Цена в евро Служебна бележка Служебен тип на артикула
  Не е изгубен Universal Decimal Classification Не е повреден само за читалня ползва се в читалня 207754 Регионална библиотека "Любен Каравелов" Русе Регионална библиотека "Любен Каравелов" Русе Хранилище 1966-01-01 Хранилище 0.15 9577/66 Цб І 8463 900000029314 1 0.08 N: стар фонд Дата: 01.01.1966 Книги
Vip Innovations Ltd, Rousse, Bulgaria 2025